Catecismo político cristiano

Furkejuvvon:
Bibliográfalaš dieđut
Váldodahkki: Amor de la Patria, José (Dahkki)
Materiálatiipa: Girji
Giella:espánnjágiella
Almmustuhtton: Santiago, Chile Del Pacífico 1975
Fáttát:
Fáddágilkorat: Lasit fáddágilkoriid
Eai fáddágilkorat, Lasit vuosttaš fáddágilkora!

MARC

LEADER 00000nam a2200000 a 4500
001 UCO2662
003 CL-VaPUC
005 20220903073950.0
008 000608e19750000CL |||||||||||||||||spa|d
999 |c 289164  |d 289162 
040 |c Pontificia Universidad Católica de Valparaíso 
082 0 4 |a 983.04 AMO 1975  |2 21 
100 0 |a Amor de la Patria, José  |e author  |9 446146 
245 1 0 |a Catecismo político cristiano 
260 |a Santiago, Chile  |b Del Pacífico  |c 1975 
300 |a 69 páginas 
583 |a last modification  |c 20000608 00:00:00  |k Rodrigo Vera 
650 0 |a Historia de Chile  |9 265473 
650 0 |a Historia política  |z CHILE  |9 256974 
650 0 |a Independencia   |z CHILE  |9 344246 
852 |a BIBCUR 
942 |c BK  |2 ddc 
945 |d 20000608 00:00:00  |a crobeson 
952 |0 0  |1 0  |2 ddc  |4 0  |6 983_040000000000000_AMO_1975  |7 0  |8 A  |9 337378  |a BIBHIS  |b BIBHIS  |d 2019-11-20  |i 1294032  |o 983.04 AMO 1975  |p 1294032  |r 2025-01-20  |t 1  |w 2019-11-20  |y BK  |k HIS